Statystyki dla Wymień planety układu słonecznego.

Kliknij tutaj aby rozwiązać quiz!

Ogólne statystyki

  • Ten quiz został rozwiązany 27 razy
  • Średni wynik to 8 z 8

Statystyki odpowiedzi

Odpowiedź% Poprawnych
jowisz
100%
mars
100%
saturn
100%
uran
100%
ziemia
100%
neptun
92%
merkury
84%
wenus
84%

Rozkład punktacji

Percentyl według liczby udzielonych odpowiedzi

Procent ludzi z każdym wynikiem

Twoja historia wyników

Nie rozwiązałeś tego quizu